[Event "11th EUR-ch"]
[Site "Rijeka CRO"]
[Date "2010.03.11"]
[Round "6"]
[White "Sulskis, Sarunas"]
[Black "Butnorius, Algimantas"]
[Result "1/2-1/2"]
[WhiteElo "2572"]
[BlackElo "2437"]
[EventDate "2010.03.06"]
[PlyCount "103"]

1.e4 e5 2.f4 exf4 3.Nf3 d5 4.exd5 Nf6 5.Bb5+ c6 6.dxc6 bxc6 7.Bc4 Nd5 8.
O-O Bd6 9.Nc3 Be6 10.Ne4 Be7 11.b3 O-O 12.Bb2 Bf5 13.Nf2 Bf6 14.Bxf6 Qxf6 
15.c3 Nd7 16.Nd4 Ne5 17.Bxd5 cxd5 18.Nxf5 Qxf5 19.d4 Ng6 20.Qd3 Qf6 21.Nh3
Rae8 22.Qd2 Re4 23.Nf2 Re6 24.Nd3 Re4 25.Rf2 Rfe8 26.Raf1 Qg5 27.g3 Qh5 
28.Qd1 Qxd1 29.Rxd1 fxg3 30.hxg3 Rc8 31.Nc5 Re3 32.Rdf1 Rxg3+ 33.Kh2 Rxc3 
34.Rxf7 Rc2+ 35.Kg1 Re8 36.Rxa7 h6 37.Nd3 Rd2 38.Rff7 Rd1+ 39.Kh2 Rd2+ 40.
Nf2 Ne7 41.Rfxe7 Rxe7 42.Rxe7 Rxf2+ 43.Kg3 Rxa2 44.Rd7 Rb2 45.Rxd5 Rxb3+ 
46.Kf4 Kf7 47.Rd7+ Kf6 48.Rd6+ Ke7 49.Ra6 g5+ 50.Kg4 Rb4 51.Rxh6 Rxd4+ 52.
Kxg5 1/2-1/2

[Event "11th EUR-ch"]
[Site "Rijeka CRO"]
[Date "2010.03.11"]
[Round "6"]
[White "Buss, Ralph"]
[Black "Ruck, Robert"]
[Result "1/2-1/2"]
[WhiteElo "2416"]
[BlackElo "2570"]
[EventDate "2010.03.06"]
[PlyCount "69"]

1.d4 Nf6 2.c4 e6 3.Nc3 Bb4 4.Qc2 O-O 5.a3 Bxc3+ 6.Qxc3 d5 7.Nf3 dxc4 8.
Qxc4 b6 9.Bg5 Ba6 10.Qa4 c5 11.Rd1 cxd4 12.Nxd4 Qd7 13.Qxd7 Nbxd7 14.f3 
Rac8 15.e4 Bxf1 16.Rxf1 Rc5 17.Be3 Ne5 18.b3 Rfc8 19.Ke2 Nc6 20.Nxc6 R5xc6
21.Rc1 Kf8 22.Rxc6 Rxc6 23.Rc1 Rxc1 24.Bxc1 Nd7 25.Kd3 Ke7 26.Bf4 e5 27.
Be3 Kd6 28.a4 a6 29.Kc4 Kc6 30.Bc1 Nc5 31.Bb2 f6 32.Bc1 Ne6 33.Be3 Nc7 34.
Bc1 Ne6 35.Be3 1/2-1/2

[Event "11th EUR-ch"]
[Site "Rijeka CRO"]
[Date "2010.03.11"]
[Round "6"]
[White "Baron, Tal"]
[Black "Minasian, Artashes"]
[Result "1/2-1/2"]
[WhiteElo "2415"]
[BlackElo "2568"]
[EventDate "2010.03.06"]
[PlyCount "82"]

1.e4 g6 2.d4 Bg7 3.Nc3 a6 4.f4 b5 5.Nf3 d6 6.Bd3 Nd7 7.e5 Bb7 8.Be4 Qc8 9.
Qe2 b4 10.Bxb7 Qxb7 11.Ne4 Nh6 12.a3 b3 13.c3 O-O 14.O-O c5 15.e6 f5 16.
Ned2 Nf6 17.dxc5 dxc5 18.Qc4 Rab8 19.Re1 Ne8 20.h3 Nd6 21.Qxc5 Rbc8 22.Qe3
Rfd8 23.a4 Nc4 24.Nxc4 Rxc4 25.Nd2 Rcd4 26.Qf3 R4d5 27.Kh1 Qb8 28.Nc4 Qc7 
29.Qe2 Rd3 30.Ne5 Bxe5 31.fxe5 Qc6 32.Kh2 Kg7 33.Bxh6+ Kxh6 34.Rad1 Rxd1 
35.Rxd1 Rxd1 36.Qxd1 Qxa4 37.Qd2+ g5 38.Qd8 Qf4+ 39.Kh1 Qc1+ 40.Kh2 Qf4+ 
41.Kh1 Qf1+ 1/2-1/2

[Event "11th EUR-ch"]
[Site "Rijeka CRO"]
[Date "2010.03.11"]
[Round "6"]
[White "Godena, Michele"]
[Black "Azaladze, Shota"]
[Result "1-0"]
[WhiteElo "2561"]
[BlackElo "2433"]
[EventDate "2010.03.06"]
[PlyCount "87"]

1.e4 c6 2.d4 d5 3.Nd2 dxe4 4.Nxe4 Bf5 5.Nc5 Qc8 6.Bd3 Bxd3 7.Nxd3 Nf6 8.
Nf3 e6 9.O-O Nbd7 10.c4 Be7 11.Re1 O-O 12.Bf4 Re8 13.Qe2 c5 14.dxc5 Nxc5 
15.Nde5 Nfd7 16.Rad1 Nxe5 17.Nxe5 f6 18.Nd7 e5 19.Nxc5 Bxc5 20.Be3 Bb4 21.
Rf1 Qe6 22.c5 Qxa2 23.Rd7 Qe6 24.Rfd1 a5 25.R1d6 Qf5 26.Rxb7 Rab8 27.Rxb8 
Rxb8 28.Qc4+ Kf8 29.h3 Ke7 30.Qd5 Qc8 31.Rc6 Qd7 32.Rd6 Qc8 33.Rb6 Qc7 34.
Re6+ Kf8 35.Rd6 Qf7 36.Qc6 Re8 37.Bh6 Qe7 38.Rxf6+ Kg8 39.Qd5+ Kh8 40.Rf7 
Qxc5 41.Bxg7+ Kg8 42.Rf8+ Kxg7 43.Qf7+ Kh6 44.Qf6+ 1-0

[Event "11th EUR-ch"]
[Site "Rijeka CRO"]
[Date "2010.03.11"]
[Round "6"]
[White "Schroll, Gerhard"]
[Black "Maslak, Konstantin"]
[Result "1/2-1/2"]
[WhiteElo "2411"]
[BlackElo "2560"]
[EventDate "2010.03.06"]
[PlyCount "105"]

1.d4 Nf6 2.c4 g6 3.Nc3 Bg7 4.Nf3 O-O 5.e4 d6 6.h3 Na6 7.Bg5 Qe8 8.Bd3 e5 
9.d5 Nh5 10.g4 Nf4 11.Bxf4 exf4 12.Qd2 Nc5 13.O-O-O a6 14.Rhe1 b5 15.Bc2 
bxc4 16.Qxf4 f6 17.Nd2 Nd3+ 18.Bxd3 cxd3 19.Nf3 Rb8 20.Rxd3 Rb4 21.a3 Rb6 
22.Rdd1 Bd7 23.Nd4 Qb8 24.Re2 Qb7 25.Rc2 Rb8 26.Qd2 f5 27.Nc6 Bxc6 28.dxc6
Rxc6 29.exf5 Kh8 30.fxg6 hxg6 31.Re1 Qb3 32.Re7 Rxc3 33.Rxc3 Qa2 34.b4 
Qa1+ 35.Kc2 Rf8 36.Rcxc7 Rxf2 37.Qxf2 Qb2+ 38.Kd3 Qxf2 39.Rxg7 Qf1+ 40.Kd4
Qd1+ 41.Kc4 Qe2+ 42.Kd5 Qb5+ 43.Kxd6 Qd3+ 44.Ke6 Qe4+ 45.Kf6 Qf4+ 46.Kxg6 
Qd6+ 47.Kh5 Qe5+ 48.Kh4 Qe1+ 49.Kh5 Qe5+ 50.g5 Qe2+ 51.Kh6 Qe6+ 52.g6 Qe3+
53.Kh5 1/2-1/2

[Event "11th EUR-ch"]
[Site "Rijeka CRO"]
[Date "2010.03.11"]
[Round "6"]
[White "Medvegy, Zoltan"]
[Black "Potapov, Pavel"]
[Result "0-1"]
[WhiteElo "2556"]
[BlackElo "2427"]
[EventDate "2010.03.06"]
[PlyCount "98"]

1.d4 d5 2.c4 c6 3.Nc3 Nf6 4.e3 e6 5.Nf3 Nbd7 6.Qc2 Bd6 7.b3 O-O 8.Be2 b6 
9.O-O Bb7 10.Bb2 Qe7 11.Rad1 Rac8 12.Rfe1 Rfe8 13.Qb1 Bb4 14.Qa1 Ne4 15.a3
Bxc3 16.Bxc3 Nxc3 17.Qxc3 c5 18.cxd5 Bxd5 19.Ba6 Bxf3 20.gxf3 Rcd8 21.b4 
cxd4 22.Rxd4 Ne5 23.Be2 Rc8 24.Qd2 Qf6 25.f4 Ng6 26.Bf3 e5 27.Rd6 Qf5 28.
Qd5 Nh4 29.Rd1 exf4 30.Qxf5 Nxf5 31.Rd7 fxe3 32.fxe3 Nxe3 33.Re1 a5 34.b5 
Kf8 35.Bc6 Re6 36.Rb7 Nc4 37.Rxe6 fxe6 38.a4 Rd8 39.Be4 Nd6 40.Rxb6 Nxe4 
41.Ra6 Ke7 42.Rxa5 Kd6 43.Ra6+ Kd5 44.Ra7 Kc5 45.Rc7+ Kb4 46.Rxg7 Nc5 47.
Rxh7 Nxa4 48.Kg2 Kxb5 49.Kf3 Kc6 0-1

[Event "11th EUR-ch"]
[Site "Rijeka CRO"]
[Date "2010.03.11"]
[Round "6"]
[White "Hamitevici, Vladimir"]
[Black "Babula, Vlastimil"]
[Result "0-1"]
[WhiteElo "2401"]
[BlackElo "2554"]
[EventDate "2010.03.06"]
[PlyCount "152"]

1.d4 Nf6 2.c4 e6 3.Nf3 Bb4+ 4.Nbd2 O-O 5.g3 d5 6.Qc2 c5 7.dxc5 e5 8.cxd5 
Qxd5 9.a3 Bxc5 10.e4 Qc6 11.Bd3 Bh3 12.Nxe5 Qc7 13.Nb3 Qxe5 14.Qxc5 Nbd7 
15.Qxe5 Nxe5 16.Be2 Bg2 17.Rg1 Bxe4 18.Nd2 Bc6 19.f3 Rad8 20.Kf2 Nd3+ 21.
Bxd3 Rxd3 22.Re1 Rfd8 23.Re2 h6 24.b4 a6 25.Ra2 Nd5 26.Ne4 Nc3 27.Nxc3 
Rxf3+ 28.Ke1 Rxc3 29.Rac2 Rf3 30.Rf2 Rfd3 31.Rcd2 f6 32.Rxd3 Rxd3 33.Rd2 
Rc3 34.Bb2 Rb3 35.Kd1 Kf7 36.Rf2 Be4 37.Kc1 Ke6 38.Rf4 Kd5 39.Rf2 Re3 40.
Kd2 Rd3+ 41.Ke1 Rb3 42.Rd2+ Ke6 43.Rf2 Bf3 44.Rc2 Be4 45.Rf2 Bc6 46.Bc1 g5
47.Kd1 Be4 48.Bb2 f5 49.Bc1 Kd5 50.Kd2 Kd4 51.Rf1 Rd3+ 52.Ke1 Kc3 53.Rf2 
Kb3 54.Re2 Rc3 55.Bd2 Rc6 56.Re3+ Kb2 57.a4 b5 58.axb5 axb5 59.g4 Kc2 60.
gxf5 Bxf5 61.Re5 Bd3 62.Be3 Rf6 63.Bf2 Kc3 64.Re3 Rf4 65.Rh3 Rxb4 66.Be3 
Rb1+ 67.Kf2 Rf1+ 68.Kg2 Rf6 69.Rg3 b4 70.Bc5 b3 71.Be7 Rf5 72.Ba3 Rd5 73.
Rh3 Ra5 74.Bf8 Ra6 75.Rxh6 b2 76.Bg7+ Kc4 0-1

[Event "11th EUR-ch"]
[Site "Rijeka CRO"]
[Date "2010.03.11"]
[Round "6"]
[White "Svetuschin, Dumitru"]
[Black "Bodiroga, Predrag"]
[Result "1-0"]
[WhiteElo "2554"]
[BlackElo "2422"]
[EventDate "2010.03.06"]
[PlyCount "87"]

1.d4 d5 2.c4 dxc4 3.e4 b5 4.a4 c6 5.Nc3 b4 6.Na2 Nf6 7.e5 Nd5 8.Bxc4 e6 9.
Nf3 Ba6 10.b3 Bb7 11.Bg5 Qb6 12.O-O Nd7 13.Nc1 a5 14.Ne2 Rc8 15.Rc1 h6 16.
Bh4 c5 17.Bb5 Rc7 18.Nd2 Bc6 19.Nc4 Qa7 20.Re1 g5 21.Bg3 Be7 22.Nd6+ Bxd6 
23.exd6 Rc8 24.dxc5 Bxb5 25.Nd4 Nc3 26.Nxb5 Qxc5 27.Nxc3 bxc3 28.Qc2 h5 
29.Re4 Qd5 30.h4 gxh4 31.Rxh4 Rg8 32.Qh7 Nf6 33.Qh6 Rg6 34.Qe3 Qxb3 35.Qa7
Nd7 36.Rxh5 Rg8 37.Qa6 Rd8 38.Qxa5 Rc8 39.Rg5 Rh8 40.Rh5 Rxh5 41.Qxh5 Qxa4
42.Qg5 Kf8 43.Be5 c2 44.Bg7+ 1-0

[Event "11th EUR-ch"]
[Site "Rijeka CRO"]
[Date "2010.03.11"]
[Round "6"]
[White "Cvitan, Ognjen"]
[Black "Barle, Janez"]
[Result "1/2-1/2"]
[WhiteElo "2550"]
[BlackElo "2415"]
[EventDate "2010.03.06"]
[PlyCount "62"]

1.Nf3 d5 2.c4 d4 3.g3 Nc6 4.Bg2 e5 5.d3 Bb4+ 6.Bd2 a5 7.O-O Nge7 8.Bxb4 
axb4 9.Nbd2 O-O 10.Qb3 Be6 11.a3 bxa3 12.Rxa3 Rxa3 13.Qxa3 Qa8 14.Ra1 Qxa3
15.Rxa3 Rb8 16.b4 Nxb4 17.Nxe5 f6 18.Nef3 c5 19.Ne4 b6 20.Nd6 Nec6 21.Nd2 
Kf8 22.Nb5 Rc8 23.Nb3 Bg4 24.Nc1 Na5 25.h3 Bd7 26.Nd6 Rc7 27.g4 Ke7 28.Ne4
Nc2 29.Ra2 Nb4 30.Ra3 Nc2 31.Ra2 Nb4 1/2-1/2

[Event "11th EUR-ch"]
[Site "Rijeka CRO"]
[Date "2010.03.11"]
[Round "6"]
[White "Sale, Srdjan"]
[Black "Damljanovic, Branko"]
[Result "0-1"]
[WhiteElo "2396"]
[BlackElo "2550"]
[EventDate "2010.03.06"]
[PlyCount "56"]

1.d4 Nf6 2.c4 g6 3.Nc3 Bg7 4.e4 d6 5.f4 O-O 6.Nf3 c5 7.d5 e6 8.dxe6 fxe6 
9.Bd3 Nc6 10.O-O Nd4 11.Ng5 e5 12.f5 gxf5 13.exf5 h6 14.Nge4 Nxe4 15.Bxe4 
Bxf5 16.Bxf5 Nxf5 17.Qd5+ Kh8 18.Qxb7 e4 19.Bf4 e3 20.Qe4 Qd7 21.Rae1 Rae8
22.Qd3 Bd4 23.Re2 Qg7 24.Nb5 a6 25.Nxd4 cxd4 26.Rf3 Rf6 27.h3 Qg6 28.Rf1 
Ng3 0-1

[Event "11th EUR-ch"]
[Site "Rijeka CRO"]
[Date "2010.03.11"]
[Round "6"]
[White "Golubovic, Boris"]
[Black "Lopez Martinez, Josep Manuel"]
[Result "1/2-1/2"]
[WhiteElo "2392"]
[BlackElo "2548"]
[EventDate "2010.03.06"]
[PlyCount "34"]

1.d4 Nf6 2.Nf3 e6 3.g3 b5 4.Bg2 Bb7 5.c3 Be7 6.a4 b4 7.cxb4 Bxb4+ 8.Bd2 a5
9.Bxb4 axb4 10.Nbd2 Na6 11.O-O c5 12.Rc1 cxd4 13.Nc4 d5 14.Nce5 O-O 15.
Qxd4 Qa5 16.Nd2 Rfd8 17.b3 Ne4 1/2-1/2

[Event "11th EUR-ch"]
[Site "Rijeka CRO"]
[Date "2010.03.11"]
[Round "6"]
[White "Jovanic, Ognjen"]
[Black "Zavhorodnii, Serhii"]
[Result "1/2-1/2"]
[WhiteElo "2538"]
[BlackElo "2409"]
[EventDate "2010.03.06"]
[PlyCount "57"]

1.d4 Nf6 2.c4 d6 3.Nc3 Nbd7 4.Nf3 c6 5.Bg5 h6 6.Bh4 g5 7.Bg3 Nh5 8.e3 Bg7 
9.Qc2 Ndf6 10.Nd2 Bd7 11.Bd3 Nxg3 12.hxg3 Qc7 13.O-O-O O-O-O 14.Kb1 Kb8 
15.Nb3 c5 16.Be2 cxd4 17.Nxd4 Rc8 18.Rc1 Qb6 19.Rhd1 Rc5 20.f3 Rhc8 21.g4 
a6 22.Qd2 R5c7 23.Bf1 Qa5 24.e4 Be6 25.Nf5 Bf8 26.Nd5 Qxd2 27.Rxd2 Nxd5 
28.exd5 Bxf5+ 29.gxf5 1/2-1/2

[Event "11th EUR-ch"]
[Site "Rijeka CRO"]
[Date "2010.03.11"]
[Round "6"]
[White "Kanarek, Marcel"]
[Black "San Segundo Carrillo, Pablo"]
[Result "1/2-1/2"]
[WhiteElo "2388"]
[BlackElo "2534"]
[EventDate "2010.03.06"]
[PlyCount "78"]

1.e4 e5 2.Nf3 Nc6 3.Bb5 a6 4.Ba4 Nf6 5.O-O b5 6.Bb3 Bc5 7.d3 d6 8.c3 O-O 
9.a4 Rb8 10.Be3 Bxe3 11.fxe3 b4 12.Nbd2 Na5 13.Bc2 c5 14.c4 Ng4 15.Qe1 Nh6
16.b3 Nc6 17.Qh4 Qxh4 18.Nxh4 f6 19.h3 g6 20.Kh2 Kg7 21.Rf2 Rb7 22.Raf1 
Rbf7 23.Bd1 Ng8 24.Bg4 Bxg4 25.hxg4 Nge7 26.Kg3 Nd8 27.Kh3 Ne6 28.Kg3 Rh8 
29.Rh1 h5 30.Rff1 hxg4 31.Kxg4 Rh5 32.Kf3 Rf8 33.g4 Rh6 34.Kg2 Rfh8 35.
Nhf3 f5 36.Rxh6 Rxh6 37.gxf5 gxf5 38.exf5 Nxf5 39.Kf2 Kf7 1/2-1/2

[Event "11th EUR-ch"]
[Site "Rijeka CRO"]
[Date "2010.03.11"]
[Round "6"]
[White "Dragomirescu, Robin-Alexandru"]
[Black "Holzke, Frank"]
[Result "1-0"]
[WhiteElo "2372"]
[BlackElo "2526"]
[EventDate "2010.03.06"]
[PlyCount "83"]

1.e4 c5 2.Nf3 d6 3.d4 cxd4 4.Nxd4 Nf6 5.Nc3 a6 6.Be3 e6 7.f3 b5 8.Qd2 b4 
9.Nce2 e5 10.Nb3 Nc6 11.O-O-O Be6 12.g4 Be7 13.Kb1 Nd7 14.Ng3 g6 15.h4 Nb6
16.h5 Nc4 17.Bxc4 Bxc4 18.hxg6 fxg6 19.f4 Qc7 20.f5 O-O-O 21.Qf2 Kb7 22.
Bh6 gxf5 23.exf5 Bf8 24.Ne4 Ka8 25.Bxf8 Rhxf8 26.Rh6 Bxb3 27.axb3 Nd4 28.
Rxd4 exd4 29.Qxd4 Rfe8 30.Qxb4 Qc6 31.Nxd6 Re2 32.Ka2 Rd7 33.Rf6 Rd8 34.g5
Rb8 35.Qa5 Rxc2 36.Nc4 Rxc4 37.Rxc6 Rxc6 38.f6 Rb7 39.b4 Rd6 40.Kb3 Ka7 
41.Qc5+ Rdb6 42.Ka4 1-0

[Event "11th EUR-ch"]
[Site "Rijeka CRO"]
[Date "2010.03.11"]
[Round "6"]
[White "Slavin, Alexei"]
[Black "Gasanov, Eldar"]
[Result "0-1"]
[WhiteElo "2368"]
[BlackElo "2514"]
[EventDate "2010.03.06"]
[PlyCount "94"]

1.d4 Nf6 2.Nf3 e6 3.e3 b6 4.Bd3 Bb7 5.O-O d5 6.Ne5 Bd6 7.f4 c5 8.b3 O-O 9.
Nd2 Nc6 10.Bb2 Rc8 11.a3 Ne7 12.Qe2 Ne4 13.c4 f6 14.Nef3 Qc7 15.Rac1 Qb8 
16.dxc5 Nxc5 17.Bb1 dxc4 18.Nxc4 Bd5 19.Nxd6 Qxd6 20.e4 Bxb3 21.e5 Qd7 22.
exf6 gxf6 23.Ne5 fxe5 24.Qxe5 Ng6 25.Qe3 Bd5 26.Rcd1 Rf7 27.h4 Rcf8 28.g3 
Rg7 29.Kh2 Nxh4 30.Bxg7 Qxg7 31.Rxd5 exd5 32.gxh4 d4 33.Qf3 Kh8 34.Rf2 Qh6
35.Kh3 Re8 36.Qg4 Rg8 37.Qf5 Qg7 38.Qg5 Qd7+ 39.Qf5 Qg7 40.Qe5 d3 41.Qxg7+
Kxg7 42.Rd2 Kf6 43.Rd1 Ne4 44.Rf1 Nd2 45.Rd1 Nxb1 46.Rxb1 Kf5 47.Rb4 Rd8 
0-1

[Event "11th EUR-ch"]
[Site "Rijeka CRO"]
[Date "2010.03.11"]
[Round "6"]
[White "Berczes, David"]
[Black "Mihok, Oliver"]
[Result "1-0"]
[WhiteElo "2510"]
[BlackElo "2403"]
[EventDate "2010.03.06"]
[PlyCount "75"]

1.d4 Nf6 2.c4 e6 3.g3 c5 4.d5 exd5 5.cxd5 Bd6 6.Bg2 O-O 7.Nc3 Bc7 8.Nf3 d6
9.O-O Re8 10.Nd2 Ba5 11.a4 b6 12.Nb5 a6 13.Nc3 Bb7 14.Nc4 Bxc3 15.bxc3 b5 
16.Ne3 Nbd7 17.Rb1 Qa5 18.c4 b4 19.Nf5 Qc7 20.Qc2 Bc8 21.e4 Ne5 22.f4 Ng6 
23.Ne3 Ra7 24.Bb2 Qd8 25.Rbe1 Rae7 26.Bxf6 gxf6 27.Qb2 Rxe4 28.Bxe4 Rxe4 
29.Ng4 Rxe1 30.Nxf6+ Kg7 31.Ne8+ Kf8 32.Rxe1 Ne5 33.fxe5 Qxe8 34.e6 fxe6 
35.Qf6+ Kg8 36.dxe6 Bb7 37.Qg5+ Kh8 38.e7 1-0

[Event "11th EUR-ch"]
[Site "Rijeka CRO"]
[Date "2010.03.11"]
[Round "6"]
[White "Hoffmann, Paul"]
[Black "Jurcik, Marian"]
[Result "0-1"]
[WhiteElo "2361"]
[BlackElo "2510"]
[EventDate "2010.03.06"]
[PlyCount "72"]

1.e4 c5 2.Nf3 Nc6 3.d4 cxd4 4.Nxd4 e6 5.Nc3 a6 6.Be3 Nf6 7.Be2 Qc7 8.Qd2 
Bb4 9.Nxc6 bxc6 10.Bf3 d5 11.a3 Bd6 12.g4 Rb8 13.g5 Nd7 14.b4 O-O 15.Be2 
f5 16.exf5 Rxf5 17.Bd3 Ne5 18.Be2 a5 19.O-O axb4 20.axb4 Bxb4 21.Ra7 Qd6 
22.f4 Nd7 23.Bg4 Rf8 24.Rf2 Rb7 25.Rxb7 Bxb7 26.Qd3 Ra8 27.Ne4 Qe7 28.Ng3 
Ra1+ 29.Nf1 Ba6 30.Qd4 Re1 31.Qa7 Bxf1 32.Rxf1 Rxe3 33.Qa8+ Nf8 34.Qxc6 
Qc5 35.Qxc5 Bxc5 36.Bd1 Re1+ 0-1

[Event "11th EUR-ch"]
[Site "Rijeka CRO"]
[Date "2010.03.11"]
[Round "6"]
[White "Djukic, Nikola"]
[Black "Kargin, Arseny"]
[Result "0-1"]
[WhiteElo "2509"]
[BlackElo "2400"]
[EventDate "2010.03.06"]
[PlyCount "82"]

1.e4 c5 2.Nf3 d6 3.d4 cxd4 4.Nxd4 Nf6 5.Nc3 g6 6.Be3 Bg7 7.f3 Nc6 8.Qd2 
O-O 9.Bc4 Bd7 10.O-O-O Rb8 11.Kb1 Ne5 12.Be2 b5 13.Ncxb5 Qc8 14.Qc3 Nc6 
15.Nxc6 Bxc6 16.Nd4 Qb7 17.Qb3 Qc7 18.Qc4 Qb7 19.b3 Bd7 20.Bd3 d5 21.Qa6 
Qc7 22.Ne2 dxe4 23.fxe4 Ng4 24.Bf4 e5 25.Bg3 Rfc8 26.Qa3 a5 27.Be1 a4 28.
Nc3 Ne3 29.Rc1 Bf8 30.Qb2 Ra8 31.Bd2 axb3 32.cxb3 Ba3 33.Nd5 Qd6 34.Rxc8+ 
Rxc8 35.Qxa3 Qxa3 36.Bxe3 Ra8 37.Nc3 Be6 38.Bc2 Rc8 39.Bd2 Qb4 40.Kb2 Qd4 
41.Be1 f5 0-1

[Event "11th EUR-ch"]
[Site "Rijeka CRO"]
[Date "2010.03.11"]
[Round "6"]
[White "Horvath, Adam"]
[Black "Firat, Burak"]
[Result "1-0"]
[WhiteElo "2501"]
[BlackElo "2398"]
[EventDate "2010.03.06"]
[PlyCount "67"]

1.e4 c5 2.Nf3 Nc6 3.d4 cxd4 4.Nxd4 Nf6 5.Nc3 e5 6.Ndb5 d6 7.Bg5 a6 8.Na3 
b5 9.Bxf6 gxf6 10.Nd5 f5 11.g3 Bg7 12.Bg2 fxe4 13.Bxe4 Be6 14.Qh5 Rc8 15.
Rd1 Ne7 16.Nxe7 Qxe7 17.O-O b4 18.Nb1 Rc5 19.c3 a5 20.a3 bxa3 21.Nxa3 d5 
22.b4 dxe4 23.bxc5 Qxc5 24.Nc2 O-O 25.Nd4 Bc8 26.Nf5 Bxf5 27.Qxf5 e3 28.
Qf3 exf2+ 29.Rxf2 a4 30.Rd7 e4 31.Qxe4 a3 32.Kg2 Qxc3 33.Ra7 Bd4 34.Raxf7 
1-0

[Event "11th EUR-ch"]
[Site "Rijeka CRO"]
[Date "2010.03.11"]
[Round "6"]
[White "Chudinovskikh, Alexander"]
[Black "Danielsen, Henrik"]
[Result "1/2-1/2"]
[WhiteElo "2314"]
[BlackElo "2494"]
[EventDate "2010.03.06"]
[PlyCount "168"]

1.e4 d6 2.d4 Nf6 3.Bd3 e5 4.c3 Be7 5.Nf3 Nbd7 6.O-O O-O 7.Re1 c6 8.Nbd2 a6
9.Nf1 b5 10.Ng3 g6 11.Bh6 Re8 12.h3 Bf8 13.Be3 Bb7 14.Bc2 Bg7 15.Qd2 exd4 
16.cxd4 c5 17.d5 Nb6 18.Bg5 Nc4 19.Qc1 Qa5 20.Bh6 Bh8 21.b3 Na3 22.Bd2 b4 
23.Bd3 Nd7 24.Bh6 Qd8 25.Bg5 Qc7 26.Qf4 a5 27.Rad1 f6 28.Bh6 Bg7 29.Qh4 
Bxh6 30.Qxh6 Ne5 31.Nxe5 fxe5 32.f4 exf4 33.Qxf4 Re5 34.Rf1 Qe7 35.Kh2 Rf8
36.Qd2 Bc8 37.Rxf8+ Qxf8 38.Rf1 Qe7 39.Ne2 Bd7 40.Nf4 Qg7 41.Qf2 Re8 42.
Kh1 Rf8 43.Qe3 Qc3 44.Rf3 Qa1+ 45.Kh2 Qe5 46.g3 Rf7 47.Kg2 Qf6 48.h4 Qe5 
49.Rf2 Rf6 50.Qe2 Kf7 51.Ba6 Ke7 52.Qe3 Bf5 53.Re2 Bg4 54.Rf2 Qc3 55.Nd3 
Rxf2+ 56.Qxf2 Qc2 57.Qxc2 Nxc2 58.Kf2 h6 59.Nb2 Bd7 60.Bd3 Nd4 61.Ke3 g5 
62.hxg5 hxg5 63.Nc4 a4 64.bxa4 Bxa4 65.e5 dxe5 66.Nxe5 Bd7 67.g4 Bc8 68.
Ke4 Kf6 69.Bc4 Nf5 70.d6 Nxd6+ 71.Kd5 Nb7 72.Ke4 Nd8 73.Nd3 Nb7 74.Ne5 Be6
75.Bxe6 Kxe6 76.Nf3 Nd6+ 77.Ke3 Nf7 78.Ke4 Nd6+ 79.Ke3 Kf6 80.Kd3 Kg6 81.
Ne5+ Kg7 82.Ke3 Nb5 83.Kd3 Nc3 84.a3 Na4 1/2-1/2

[Event "11th EUR-ch"]
[Site "Rijeka CRO"]
[Date "2010.03.11"]
[Round "6"]
[White "Medancic, Rikard"]
[Black "Sulashvili, Malkhaz"]
[Result "0-1"]
[WhiteElo "2311"]
[BlackElo "2490"]
[EventDate "2010.03.06"]
[PlyCount "62"]

1.d4 d5 2.c4 e6 3.Nc3 Bb4 4.Nf3 Nf6 5.Bg5 h6 6.Bxf6 Qxf6 7.e3 O-O 8.Qb3 c5
9.Be2 cxd4 10.cxd5 dxc3 11.Qxb4 cxb2 12.Rb1 exd5 13.O-O Nc6 14.Qxb2 Qxb2 
15.Rxb2 Rb8 16.Rd1 Be6 17.Nd4 Nxd4 18.Rxd4 Rfc8 19.g4 b6 20.Kg2 Rc5 21.Kg3
Rbc8 22.Bd3 Rc1 23.f4 Rg1+ 24.Kf3 Bxg4+ 25.Kf2 Rh1 26.Kg2 Rcc1 27.Rxd5 g6 
28.Kg3 Rcg1+ 29.Rg2 Rxg2+ 30.Kxg2 Rd1 31.a4 Bf5 0-1

[Event "11th EUR-ch"]
[Site "Rijeka CRO"]
[Date "2010.03.11"]
[Round "6"]
[White "Fucak, Emilijo"]
[Black "Nigalidze, Gaioz"]
[Result "0-1"]
[WhiteElo "2280"]
[BlackElo "2486"]
[EventDate "2010.03.06"]
[PlyCount "100"]

1.e4 c5 2.c3 b6 3.d4 Bb7 4.Bd3 e6 5.Nf3 Ne7 6.Be3 d5 7.e5 Nd7 8.Nbd2 Qc8 
9.Nf1 f6 10.Qb1 fxe5 11.dxe5 g6 12.h4 Bg7 13.h5 Nxe5 14.Nxe5 Bxe5 15.hxg6 
hxg6 16.Rxh8+ Bxh8 17.Bg5 Kd7 18.Bb5+ Kd6 19.Qd3 a6 20.Ba4 Qf8 21.Qg3+ e5 
22.Bxe7+ Qxe7 23.Qxg6+ Qf6 24.Qg4 b5 25.Bc2 Rf8 26.Qg3 Qf4 27.Rd1 c4 28.
Qxf4 Rxf4 29.g3 Rf8 30.Be4 Kc5 31.Bg2 Bc6 32.Nd2 b4 33.Rc1 bxc3 34.Rxc3 e4
35.Rc2 Rb8 36.Nb3+ Kd6 37.Na5 Rxb2 38.Rxb2 Bxb2 39.Nxc6 Kxc6 40.Kd2 Kc5 
41.g4 Be5 42.Kc2 Bf4 43.Bh1 a5 44.Bg2 Bg5 45.Bh1 Kd4 46.Bg2 Ke5 47.Kc3 Bf6
48.Kc2 Kf4 49.Bh3 d4 50.Bg2 d3+ 0-1

[Event "11th EUR-ch"]
[Site "Rijeka CRO"]
[Date "2010.03.11"]
[Round "6"]
[White "Boros, Denes"]
[Black "Bajarani, Ulvi"]
[Result "0-1"]
[WhiteElo "2485"]
[BlackElo "2395"]
[EventDate "2010.03.06"]
[PlyCount "63"]

1.e4 e6 2.Nf3 d5 3.Nc3 Nf6 4.e5 Nfd7 5.d4 c5 6.Ne2 cxd4 7.Nexd4 Nc6 8.Bf4 
h6 9.h4 Nc5 10.c3 Be7 11.Qd2 Ne4 12.Qe3 Nxd4 13.Nxd4 Bxh4 14.Bb5+ Bd7 15.
Bxd7+ Kxd7 16.O-O Qb6 17.c4 Rhd8 18.f3 Ng3 19.Bxg3 Bxg3 20.cxd5 Rac8 21.
Rac1 exd5 22.f4 g5 23.fxg5 hxg5 24.Rcd1 Bf4 25.Qf3 Kc7 26.g3 Bxe5 27.Qxf7+
Kb8 28.Qf2 Rh8 29.Qe3 Bc7 30.Qxg5 Qxb2 31.Qd2 Qa3 32.Qd3 0-1

[Event "11th EUR-ch"]
[Site "Rijeka CRO"]
[Date "2010.03.11"]
[Round "6"]
[White "Ernst, Michael"]
[Black "Saric, Ante"]
[Result "1/2-1/2"]
[WhiteElo "2166"]
[BlackElo "2483"]
[EventDate "2010.03.06"]
[PlyCount "91"]

1.d4 Nf6 2.c4 e6 3.Nc3 Bb4 4.Qc2 d5 5.cxd5 exd5 6.Bg5 c5 7.dxc5 h6 8.Bh4 
g5 9.Bg3 Ne4 10.e3 Qf6 11.Bb5+ Bd7 12.Bxd7+ Nxd7 13.Ne2 Ndxc5 14.O-O-O 
Bxc3 15.Nxc3 Nxc3 16.Qxc3 Qxc3+ 17.bxc3 O-O-O 18.Rd4 Ne4 19.c4 Nxg3 20.
hxg3 dxc4 21.Rxc4+ Kb8 22.g4 Rd6 23.e4 Rc8 24.Rxc8+ Kxc8 25.Kc2 Kc7 26.f3 
b5 27.Kc3 a5 28.a3 Kb6 29.e5 Rc6+ 30.Kd4 b4 31.axb4 axb4 32.g3 Kb5 33.f4 
Rc4+ 34.Kd5 gxf4 35.gxf4 Rxf4 36.Rxh6 b3 37.g5 b2 38.Rh1 Kb4 39.g6 fxg6 
40.e6 Rf2 41.Re1 Rd2+ 42.Ke5 Rd8 43.e7 Re8 44.Kf6 g5 45.Kxg5 Kc3 46.Kf6 
1/2-1/2

[Event "11th EUR-ch"]
[Site "Rijeka CRO"]
[Date "2010.03.11"]
[Round "6"]
[White "Miron, Lucian-Costin"]
[Black "Grimberg, Boris"]
[Result "1-0"]
[WhiteElo "2482"]
[BlackElo "2352"]
[EventDate "2010.03.06"]
[PlyCount "89"]

1.d4 d5 2.c4 c6 3.Nf3 Nf6 4.e3 a6 5.Nc3 b5 6.c5 Bf5 7.Qb3 Nbd7 8.a4 e6 9.
Qa3 Rb8 10.axb5 axb5 11.Qa6 b4 12.Ne2 Qc7 13.e4 dxe4 14.Bf4 Qd8 15.Nd2 e5 
16.Bxe5 Nxe5 17.dxe5 Nd7 18.Nd4 Nxc5 19.Qxc6+ Bd7 20.Qd5 Ba4 21.Qxd8+ Rxd8
22.Rxa4 Rxd4 23.Bb5+ Ke7 24.Ra8 Rd8 25.Rxd8 Kxd8 26.Ke2 Kc7 27.Ke3 Kb6 28.
Bc4 f5 29.exf6 gxf6 30.Nxe4 Nxe4 31.Kxe4 Bc5 32.f4 Rd8 33.b3 Rd2 34.g3 Bd4
35.Kf5 Kc5 36.g4 Rf2 37.h4 Be5 38.Rf1 Rxf1 39.Bxf1 Bc3 40.Ke6 Bb2 41.g5 
fxg5 42.fxg5 Bc1 43.Bd3 Kd4 44.Bxh7 Kc3 45.g6 1-0

[Event "11th EUR-ch"]
[Site "Rijeka CRO"]
[Date "2010.03.11"]
[Round "6"]
[White "Berescu, Alin-Mile"]
[Black "Wittmann, Walter"]
[Result "1-0"]
[WhiteElo "2486"]
[BlackElo "2302"]
[EventDate "2010.03.06"]
[PlyCount "70"]

1.b3 d5 2.Bb2 Bg4 3.g3 c6 4.Bg2 Nd7 5.c4 e6 6.Nf3 Ngf6 7.O-O h6 8.d3 Bd6 
9.Nbd2 Qc7 10.Rc1 O-O 11.Re1 Rfe8 12.Qc2 Rac8 13.h3 Bf5 14.cxd5 exd5 15.e4
dxe4 16.dxe4 Bh7 17.Qc3 Bf8 18.Nd4 Nc5 19.Nf5 Rcd8 20.Nxh6+ Kh8 21.Re3 
Nfxe4 22.Nxe4 Nxe4 23.Qc4 Nd6 24.Rxe8 Rxe8 25.Qf4 f6 26.Rd1 Re6 27.Ng4 Qe7
28.Ne3 Qe8 29.Ba3 Nb5 30.Bxf8 Qxf8 31.a4 Nc3 32.Rd2 Be4 33.Qc7 Bxg2 34.
Nxg2 Re7 35.Qa5 Nd5 1-0

[Event "11th EUR-ch"]
[Site "Rijeka CRO"]
[Date "2010.03.11"]
[Round "6"]
[White "Cheparinov, Ivan"]
[Black "Bohnisch, Manfred"]
[Result "1-0"]
[WhiteElo "2657"]
[BlackElo "2316"]
[EventDate "2010.03.06"]
[PlyCount "143"]

1.d4 d5 2.c4 c6 3.Nc3 Nf6 4.e3 Bf5 5.cxd5 cxd5 6.Qb3 Bc8 7.Nf3 e6 8.Bd3 
Nc6 9.Bd2 Bd6 10.O-O O-O 11.Rac1 Bd7 12.e4 dxe4 13.Nxe4 Nxe4 14.Bxe4 Qb6 
15.Qxb6 axb6 16.d5 exd5 17.Bxd5 Bc5 18.a3 h6 19.Rfd1 Rfd8 20.Bf4 Be8 21.b4
Bf8 22.h4 b5 23.Be3 Rxa3 24.Bxc6 Rxd1+ 25.Rxd1 Rxe3 26.fxe3 Bxc6 27.Rd8 g6
28.Ne5 Kg7 29.Rd4 Be7 30.Kf2 Kf6 31.Nd3 h5 32.Rf4+ Ke6 33.g3 f5 34.Rd4 Bf6
35.Nf4+ Kf7 36.Rd1 Be7 37.Nd3 Kf6 38.Nc5 b6 39.Na6 Ke5 40.Rc1 Kd6 41.Nb8 
Bd5 42.Rc8 Ke6 43.Nc6 Bd6 44.Nd4+ Kd7 45.Rh8 Bxb4 46.Rh7+ Ke8 47.Nxb5 Bf7 
48.Rh8+ Ke7 49.Rb8 Bc5 50.Rb7+ Kf6 51.Nc3 Bb3 52.Rc7 Ke5 53.Ne2 Ke4 54.Nd4
Bxd4 55.exd4 b5 56.Rc5 Bc4 57.d5 Ke5 58.Ke3 Bf1 59.Rc6 Kxd5 60.Rxg6 Bh3 
61.Rh6 Bg4 62.Kd3 Kc5 63.Rh8 Kb4 64.Rb8 Bf3 65.Kd4 Be4 66.Rh8 Bf3 67.Rc8 
Be4 68.Rc3 Ka4 69.Kc5 b4 70.Rc4 Kb3 71.Rxb4+ Kc3 72.Rd4 1-0